000 00456nab a22001457 4500
003 ES-SlBCS
005 20211219162932.0
008 190221s2016 po ||||| |||| 00| 0 por d
040 _aES-SlBCS
_bspa
041 _apor
100 1 _aJácomo, António
_966562
245 1 0 _aA Fragilidade do humano face ao eugenismo e ao transhumanismo.
_cAntonio Jácomo
773 0 _gVol. 182, fasc.5, 2016, págs. 473-482
_tBrotéria
_wRev100
_x0870-7618
942 _2lcc
_cAR
999 _c491956
_d491956